000 00680nam a2200205Ii 4500
003 JO-AjNU
008 230605s9999||||xx |||||||||||||| ||und||
040 _aJO-AjNU
_bara
_erda
_cJO-AjNU
041 _aara
050 1 4 _aRJ506.A9.N3422 2006
100 3 _aالنجار، احمد سليم,
_eauthor
_935234
245 0 0 _aالتوحد واضطراب السلوك
250 _aط1
264 3 1 _aعمان:دار اسامة للنشر والتوزيع ، 2006
300 _a176ص
336 _atext
_btxt
_2rdacontent
337 _aunmediated
_bn
_2rdamedia
338 _avolume
_bnc
_2rdacarrier
650 4 _aاضطرابات التوحد - الامراض العقلية
_935235
999 _aA14525
_c18093
_d18093